[Event "British Columbia op"]
[Site "Victoria"]
[Date "2009.07.25"]
[Round "3"]
[White "Milonas, Nikolas"]
[Black "Doknjas, John"]
[Result "0-1"]
[WhiteElo "1290"]
[BlackElo "1796"]
[PlyCount "44"]
[EventDate "2009.07.24"]
[EventType "swiss"]
[EventRounds "5"]
[EventCountry "CAN"]
[SourceTitle "EXT 2011"]
[Source "ChessBase"]
[SourceDate "2010.11.26"]
[SourceVersion "1"]
[SourceVersionDate "2010.11.26"]
[SourceQuality "1"]

1. e4 c5 2. Nf3 d6 3. d4 cxd4 4. Nxd4 Nf6 5. Nc3 a6 6. Be2 e5 7. Nf3 Be7 8. Bg5 Be6 9. Qd2 0-0 10. 0-0-0 b5 11. Bxf6 Bxf6 12. Nd5 Nc6 13. Nxf6+ Qxf6 14. Qxd6 Rac8 15. h4 Rfd8 16. Qa3 Rxd1+ 17. Rxd1 h6 18. Qxa6 Qf4+ 19. Kb1 Nb4 20. g3 Qxe4 21. Qxb5 Qxc2+ 22. Ka1 Qxd1+ 0-1

[Event "British Columbia op"]
[Site "Victoria"]
[Date "2009.07.24"]
[Round "1"]
[White "Cruden, Neil B"]
[Black "Milonas, Nikolas"]
[Result "1/2-1/2"]
[WhiteElo "1908"]
[BlackElo "1290"]
[PlyCount "48"]
[EventDate "2009.07.24"]
[EventType "swiss"]
[EventRounds "5"]
[EventCountry "CAN"]
[SourceTitle "EXT 2011"]
[Source "ChessBase"]
[SourceDate "2010.11.26"]
[SourceVersion "1"]
[SourceVersionDate "2010.11.26"]
[SourceQuality "1"]

1. e4 c5 2. Nf3 d6 3. d4 cxd4 4. Nxd4 Nc6 5. Be3 Nf6 6. Nc3 e6 7. Be2 Be7 8. 0-0 0-0 9. f4 e5 10. Nxc6 bxc6 11. fxe5 dxe5 12. Qxd8 Rxd8 13. Rad1 Be6 14. h3 h5 15. a3 a5 16. Rxd8+ Bxd8 17. Rd1 a4 18. Rd6 Bd7 19. Bg5 Be7 20. Rd1 Be6 21. Kh2 Kf8 22. Bh4 g6 23. Bg5 Nd7 24. Be3 Nf6 1/2-1/2